000 00716nam a2200205Ia 4500
005 20241129110155.0
008 241129s9999||||xx |||||||||||||| ||und||
037 _aTB
040 _aARTS
_bpun
_cARTS
041 _apun
_2pun
084 _aO153v243 R3
_qARTS
100 _aਸਿੰਘ, ਰਾਮ, ਚ।
245 0 _aਪੰਜਾਬ ਤੇ ਇਸਦਾ ਸਾਹਿਤਕ ਗੌਰਵ
_cਸਿੰਘ, ਰਾਮ, ਚ।
260 _aਅੰਮ੍ਰਿਤਸਰ, ਭਾਰਤ
_bਅੰਮ੍ਰਿਤਸਰ ਸਿੰਘ ਬ੍ਰਦਰਜ਼
_c2022
300 _a271ਪ੍ਰ0
365 _aINR
_b400
650 _aPunjabi LiteratureHistory
942 _cTB
_hO153v243 R3
999 _c1227598
_d1227598